Datum a čas kvízu
36
Celkem bodů
Celkový počet nahraných bodů na tomto kvízu bez doplňovacích otázek.
3.
Pořadí na kvízu
Konečné umístění týmu na tomto kvízu.
Zaznamenané odpovědi
| # | Otázka | Odpověď | Body | Výsledky |
|---|---|---|---|---|
| -14. | V sobotu se na celém území Čes... | Sbírka potravin | 1 | |
| -13. | Snímky z fotopastí v národním... | kočka divoká | 0 | |
| -12. | Prezident jedné z evropských z... | v Portugalsku | 1 | |
| -11. | V New Yorku se ve středu večer... | Pablo Picasso | 1 | |
| -10. | Česká hokejová reprezentace za... | Karjala Cup | 1 | |
| -14. | Většina motorkářů používá svéh... | Karel Abraham | 1 | |
| -13. | Jak se krátce nazývá tento spe... | BMX | 1 | |
| -12. | Jak se česky nazývá tato součá... | přesmykač | 0 | |
| -11. | Na obrázku vidíme jeden ze sou... | Indian | 0 | |
| -10. | Jak se jmenuje tato všestranná... | Kateřina Nash | 0 |